书目信息 |
| 题名: |
罗西与苹果酒
|
|
| 作者: | 李 著 ;朱岚岚 , 周易 译 | |
| 分册: | ||
| 出版信息: | 海口 海南出版社 2002.08 |
|
| 页数: | 271页 | |
| 开本: | 21cm | |
| 丛书名: | ||
| 单 册: | ||
| 中图分类: | K835.615.6 | |
| 科图分类: | ||
| 主题词: | ||
| 电子资源: | ||
| ISBN: | 7-5443-0491-4 | |
| 000 | 00944nam0 2200277 450 | |
| 001 | 192004003783 | |
| 005 | 20070911085907.76 | |
| 010 | @a7-5443-0491-4@dCNY18.00 | |
| 100 | @a20070602d2002 km y0chiy0121 ea | |
| 101 | 1 | @achi@ceng |
| 102 | @aCN@b460000 | |
| 105 | @ay z 000yy | |
| 200 | 1 | @a罗西与苹果酒@Aluo xi yu ping guo jiu@d= Cider with Rosie@f(英) 洛瑞·李著@g朱岚岚, 周易译@zeng |
| 210 | @a海口@c海南出版社@d2002.08 | |
| 215 | @a271页@d21cm | |
| 300 | @a并列题名:Cider with Rosie | |
| 300 | @a书写童年往事的经典作品 | |
| 330 | @a在本书中,洛瑞·李以他故乡山坡上的号叫开启记忆之门,带领读者突起时空,重返那个死亡阴险缭绕的灰白村落,进入童年时期的各式幻想与梦魇之中。 | |
| 510 | 1 | @aCider with Rosie@zeng |
| 600 | 1 | @a李,@Ali,@bL.@x回忆录 |
| 690 | @aK835.615.6@v4 | |
| 701 | 1 | @a李@Ali@e英@4著 |
| 702 | 0 | @a朱岚岚@Azhu lan lan@4译 |
| 702 | 0 | @a周易@Azhou yi@4译 |
| 801 | 0 | @aCN@c20070911 |
| 905 | @dK835.615.6@eL120 | |
| 罗西与苹果酒= Cider with Rosie/(英) 洛瑞·李著/朱岚岚, 周易译.-海口:海南出版社,2002.08 |
| 271页;21cm |
| 并列题名:Cider with Rosie.-书写童年往事的经典作品 |
| ISBN 7-5443-0491-4:CNY18.00 |
| 在本书中,洛瑞·李以他故乡山坡上的号叫开启记忆之门,带领读者突起时空,重返那个死亡阴险缭绕的灰白村落,进入童年时期的各式幻想与梦魇之中。 |
| ● |
| 相关链接 |
|
|
|
正题名:罗西与苹果酒
索取号:K835.615.6/L120
 
预约/预借
| 序号 | 登录号 | 条形码 | 馆藏地/架位号 | 状态 | 备注 |
| 1 | 617473 | 206174735 | 社科库309/309社科库 102排3列5层/ [索取号:K835.615.6/L120] | 在馆 | |
| 2 | 617474 | 206174744 | 社科库309/309社科库 102排3列5层/ [索取号:K835.615.6/L120] | 在馆 | |
| 3 | 617475 | 206174753 | 社科库309/309社科库 102排3列5层/ [索取号:K835.615.6/L120] | 在馆 |